Discurso que en la sesión literaria celebrada en el Paraninfo de la Universidad de Salamanca con motivo del cuarto centenario del descubrimiento de América / (Record no. 166465)

MARC details
000 -LEADER
campo de control de longitud fija 00823nam a2200181 i 4500
001 - NÚMERO DE CONTROL
campo de control 166465
003 - IDENTIFICADOR DE NÚMERO DE CONTROL
campo de control ES-MaACL
005 - FECHA Y HORA DE LA ÚLTIMA TRANSACCIÓN
campo de control 20250730153549.0
008 - DATOS DE LONGITUD FIJA--INFORMACIÓN GENERAL
campo de control de longitud fija 010224s1892 sp |||| | spa d
040 ## - FUENTE DE CATALOGACIÓN
Centro catalogador/agencia de origen CYL
Lengua de catalogación spa
Centro/agencia transcriptor CYL
100 1# - ENTRADA PRINCIPAL--NOMBRE DE PERSONA
Nombre de persona Torre y Vélez, Alejandro de la.
9 (RLIN) 133310
245 10 - MENCIÓN DEL TÍTULO
Título Discurso que en la sesión literaria celebrada en el Paraninfo de la Universidad de Salamanca con motivo del cuarto centenario del descubrimiento de América /
Mención de responsabilidad, etc. leyó Alejandro de la Torre y Vélez.
260 ## - PUBLICACIÓN, DISTRIBUCIÓN, ETC.
Lugar de publicación, distribución, etc. Salamanca :
Nombre del editor, distribuidor, etc. Imprenta y Librería de Hidalgo,
Fecha de publicación, distribución, etc. 1892.
300 ## - DESCRIPCIÓN FÍSICA
Extensión 96 p. ;
Dimensiones 27 cn.
651 #4 - PUNTO DE ACCESO ADICIONAL DE MATERIA--NOMBRE GEOGRÁFICO
Nombre geográfico América española-
Subdivisión general Historia-
Subdivisión cronológica 1492-1600 (Descubrimiento y conquista)
9 (RLIN) 7724
852 ## - LOCALIZACIÓN
Ubicación ES-MaACL
Número de control de estantería T-657-F-4
Nota libre -- Enc. hol., conservando la cub. original
-- -- Enc. en un vol. facticio
Holdings
Estatus retirado Estado de pérdida Estado de daño No para préstamo Colección Biblioteca de origen Biblioteca actual Ubicación en estantería Fecha de adquisición Total de préstamos Signatura topográfica completa Código de barras Visto por última vez Precio de reemplazo Tipo de ítem Koha
        Colección de folletos Biblioteca del Ateneo de Madrid Biblioteca del Ateneo de Madrid Depósito folletos 17/01/2008   T-657-F-4 1174590 23/02/2023 23/02/2023 Folleto